01126nam a2200253 a 450000100060000000300080000600500170001400800410003103500190007204000350009104100080012608200250013410000340015924501500019326000900034330000440043350200900047750400320056765000550059970000420065494200130069699900170070995201460072681671BD-RjUL20230821134524.0230810s2021 bg a|||| m||| 00| 0 eng d a(BD-RjUL)81671 aBD-RjULbengcBD-RjULdBD-RjUL aeng 223a378.15bCHE 2021 aChowdhary, Sushanta Roy9830010aEFFECT OF EDUCATION MANAGEMENT INFORMATION SYSTEM AT THE COLLEGE-LEVEL IN BANGLADESH /cSushanta Roy Chowdhary ;6Supervisor : Sheikh M. Nurullah aRajshahi :bInstitute of Education and Research (IER), University of Rajshahi,c2021. a[3], xxiii, 259 leaves :bill.;c29 cm. aThesis(Ph.D.)-- Institute of Education and Research (IER),University of Rajshahi,2021 aReferences : Leaves 176-227 aHigher educationxSpecific levels of College98301 aNurullah, Sheikh M. Supervisor 98302 2ddccTHE c81671d81671 102ddc40718THESESaRUCLbRUCLcDoc/Thed2023-08-09eController of Exam. R.U.l0oTHE 378.15 CHE 2021pD4858r2023-08-10 00:00:00tC-1yTHE